| 000 | 01536cam a22003375a 4500 | ||
|---|---|---|---|
| 001 | 17458762 | ||
| 003 | EG-ScBUE | ||
| 005 | 20211219114248.0 | ||
| 008 | 120911s2013 enk f b 001 0 eng d | ||
| 020 | _a9780230230071 | ||
| 040 |
_aDLC _beng _erda _cDLC _dDLC _dEG-ScBUE |
||
| 082 | 0 | 4 |
_a820.9920693 _bCRA _222 |
| 100 | 1 |
_aCraps, Stef, _eauthor. _938059 |
|
| 245 | 1 | 0 |
_aPostcolonial witnessing : _btrauma out of bounds / _cStef Craps, Ghent University, Belgium. |
| 264 | 1 |
_aLondon : _bPalgrave Macmillan, _c2013. |
|
| 300 |
_axi, 170 pages ; _c23 cm |
||
| 336 |
_2rdacontent _atext _btxt |
||
| 337 |
_2rdamedia _aunmediated _bn |
||
| 338 |
_2rdacarrier _avolume _bnc |
||
| 504 | _aIncludes bibliographical references and index. | ||
| 505 | 0 | _aThe trauma of empire -- The empire of trauma -- Beyond trauma aesthetics -- Ordinary trauma in Sindiwe Magona's Mother to mother -- Mid-mourning in David Dabydeen's "Turner" and Fred D'Aguiar's Feeding the ghosts -- Cross-traumatic affiliation -- Jewish/postcolonial diasporas in the work of Caryl Phillips -- Entangled memories in Anita Desai's Baumgartner's Bombay. | |
| 650 | 7 |
_aEnglish literature _xMinority authors _xHistory and criticism. _2BUEsh |
|
| 650 | 7 |
_aPsychic trauma in literature. _2BUEsh _937223 |
|
| 650 | 7 |
_aPostcolonialism in literature. _2BUEsh _937224 |
|
| 650 | 7 |
_aWounds and injuries in literature. _2BUEsh _935636 |
|
| 650 | 7 |
_aLiterature and society. _2BUEsh |
|
| 651 | _2BUEsh | ||
| 653 |
_cMay2015 _bHHUUEENN |
||
| 655 |
_vReading book _934232 |
||
| 942 |
_2ddc _cBB |
||
| 999 |
_c19404 _d19376 |
||